000 00862nam a2200277Ia 4500
003 OSt
005 20220927110214.0
006 a|||||r|||| 00| 0
007 ta
008 220926b |||||||| |||| 00| 0 eng d
024 _a95159
037 _cReference Collections
040 _aRTL
_cRTL
_beng
041 _2eng
_aeng
082 _a"X9(F553).2.N9, M8"
100 _aBansal N K
_9376056
111 _aNational Solar Energy Convertion (1988 : Delhi)
_9376057
245 0 _aProceedings
_b Energy options for the 90s
260 _aNew
_bDelhi Tata McGraw Hill
_c1988
300 _a"xxvii,676p"
_ccm.
490 _aSolar Energy Society of India
500 _aBibliography chapterwise
650 _aFuel Industry Nuclear
942 _h"X9(F553).2.N9, M8"
_cCC
999 _c695467
_d695467